00365nam a2200145Ia 4500008004100000020001500041041001200056082001600068100002100084245005000105250000800155260003100163300000800194650001700202221030s9999 xx 000 0 und d a0333253493 aEnglish a105.23bKou aA. Koutsoyiannis 0aModern Micro - Economicscby A. Koutsoyiannis a2nd bMacmillanaNew Delhic1979 a581 aBE Economics